00414nam a2200157Ia 4500001000500000005001700005008004100022041000800063082001700071100005400088245006100142260000900203300002800212650000800240654000800248449320260306145800.0260306t2008||||xx |||||||||||||| ||spa|| aESP a323.34bI59M aInstituto Interamericano de Derechos HumanoseAUT 0aManual sobre derechos humanos de las mujeres indígenas c2008 a378 páginas :c28 cm. aGEN aCHU